Monarch's preparation for the GRE (Record no. 37863)

MARC details
000 -LEADER
fixed length control field 00311nam a2200121Ia 4500
082 ## - DEWEY DECIMAL CLASSIFICATION NUMBER
Classification number 37(035)
Item number GRU
100 ## - MAIN ENTRY--AUTHOR NAME
Personal name Gruber, Edward C
245 #0 - TITLE STATEMENT
Title Monarch's preparation for the GRE
260 ## - PUBLICATION, DISTRIBUTION, ETC. (IMPRINT)
Place of publication New York
Name of publisher Monarch
Year of publication 1982
700 ## - ADDED ENTRY--PERSONAL NAME
Personal name Gruber, Gary R
942 ## - ADDED ENTRY ELEMENTS (KOHA)
Koha item type Books
Holdings
Withdrawn status Lost status Damaged status Not for loan Home library Current library Date acquired Cost, normal purchase price Full call number Accession Number Koha item type
        RRII Library RRII Library 16/12/2021 89.05 37(035) GRU 18234 Books